[Event "Liverpool Open"]
[Site "?"]
[Date "2007.09.04"]
[Round "3.1"]
[White "Sebenik, Matej"]
[Black "Hebden, Mark"]
[Result "1/2-1/2"]
[WhiteElo "2465"]
[BlackElo "2540"]
[PlyCount "101"]
[EventDate "2007.09.05"]
[SourceDate "2007.09.05"]

1. Nf3 Nf6 2. g3 g6 3. b3 d6 4. d4 c5 5. Bb2 Bg7 6. Bg2 cxd4 7. Nxd4 d5 8. O-O
O-O 9. c4 e5 10. Nc2 d4 11. e3 d3 12. Ne1 e4 13. f3 Nc6 14. fxe4 Ng4 15. Bxg7
Kxg7 16. Qd2 Qb6 17. Qxd3 Rd8 18. Qc3+ f6 19. c5 Qb4 20. Nc2 Qxc3 21. Nxc3 Rd2
22. Rac1 a5 23. Nd5 Nb4 24. Ndxb4 axb4 25. Nxb4 Nxe3 26. Rf2 Rd4 27. Nd5 Nxg2
28. Kxg2 Rxe4 29. Nb6 Rb8 30. Nxc8 Rxc8 31. Rd2 Rc7 32. Kf3 f5 33. Rd6 Rce7 34.
Rc2 g5 35. c6 bxc6 36. Rdxc6 h5 37. Rc7 Rxc7 38. Rxc7+ Kf6 39. Rc2 g4+ 40. Kf2
f4 41. gxf4 Rxf4+ 42. Ke3 Rf3+ 43. Kd4 h4 44. b4 g3 45. hxg3 hxg3 46. Rg2 Ke6
47. Kc5 Kd7 48. a4 Kc7 49. Rc2 Rf5+ 50. Kc4 Rg5 51. Rg2 1/2-1/2

[Event "Liverpool Open"]
[Site "?"]
[Date "2007.09.04"]
[Round "3.2"]
[White "Smerdon, David"]
[Black "David, Alberto"]
[Result "1/2-1/2"]
[WhiteElo "2461"]
[BlackElo "2529"]
[PlyCount "49"]
[EventDate "2007.09.05"]
[SourceDate "2007.09.05"]

1. e4 c5 2. c3 e6 3. d4 d5 4. exd5 Qxd5 5. Nf3 Nf6 6. Bd3 Nc6 7. O-O cxd4 8.
cxd4 Be7 9. Nc3 Qd6 10. a3 O-O 11. Be3 Nd5 12. Bc2 Rd8 13. Re1 g6 14. Bb3 Nxe3
15. fxe3 b6 16. Ne4 Qd7 17. Rf1 f5 18. Ba4 Bb7 19. Rc1 Rac8 20. Ne5 Qd5 21. Nc3
Qd6 22. Nb5 Qd5 23. Nc3 Qd6 24. Bxc6 Bxc6 25. Nxc6 1/2-1/2

[Event "Liverpool Open"]
[Site "?"]
[Date "2007.09.04"]
[Round "3.3"]
[White "Greet, Andrew"]
[Black "Williams, Simon Kim"]
[Result "1-0"]
[WhiteElo "2441"]
[BlackElo "2480"]
[PlyCount "56"]
[EventDate "2007.09.05"]
[SourceDate "2007.09.05"]

1. e4 e6 2. d4 d5 3. Nc3 Bb4 4. e5 c5 5. a3 Bxc3+ 6. bxc3 Ne7 7. Qg4 Qc7 8.
Qxg7 Rg8 9. Qxh7 cxd4 10. Ne2 Nbc6 11. f4 dxc3 12. Qd3 Nf5 13. Nxc3 Ncd4 14.
Bb2 Ne3 15. Nb5 Ndxc2+ 16. Kf2 Qa5 17. Rc1 Bd7 18. Nd6+ Ke7 19. Rxc2 Nxc2 20.
Qxc2 Qb6+ 21. Kf3 d4 22. Bd3 Bc6+ 23. Be4 d3 24. Qf2 f5 25. Qh4+ Kd7 26. Qh7+
Kd8 27. Qxg8+ Kc7 28. Qf7+ Kb8 1-0

[Event "Liverpool Open"]
[Site "?"]
[Date "2007.09.04"]
[Round "3.4"]
[White "Haslinger, Stewart"]
[Black "Glud, Jakob Vang"]
[Result "1-0"]
[WhiteElo "2468"]
[BlackElo "2435"]
[PlyCount "99"]
[EventDate "2007.09.05"]
[SourceDate "2007.09.05"]

1. e4 e5 2. Nf3 Nc6 3. d4 exd4 4. Nxd4 Bc5 5. Nxc6 Qf6 6. Qf3 Qxf3 7. gxf3 bxc6
8. Be3 Bxe3 9. fxe3 Rb8 10. b3 d6 11. Nc3 Ne7 12. Rg1 g6 13. Rd1 Bd7 14. f4 f6
15. Bc4 Rd8 16. h4 h5 17. Rd2 Bg4 18. b4 g5 19. hxg5 fxg5 20. Rh2 Rf8 21. f5
Ng8 22. b5 cxb5 23. Bxb5+ Kf7 24. Bc4+ Kg7 25. Nd5 Rd7 26. Be2 c6 27. Bxg4 hxg4
28. Rgh1 Rff7 29. Nc3 Rfe7 30. e5 dxe5 31. Ne4 Nf6 32. Nxg5 Rb7 33. Ne6+ Rxe6
34. fxe6 g3 35. Rh3 g2 36. Rg3+ Kf8 37. Rh8+ Ke7 38. Rxg2 Rb1+ 39. Ke2 Rb2 40.
Kd3 e4+ 41. Kd2 Nd5 42. Rh6 Rxc2+ 43. Kxc2 Nxe3+ 44. Kc3 Nxg2 45. Kd4 e3 46.
Ke5 e2 47. Rh7+ Kd8 48. Kd6 Kc8 49. Rh8+ Kb7 50. Rh1 1-0

[Event "Liverpool Open"]
[Site "?"]
[Date "2007.09.04"]
[Round "3.5"]
[White "Brown, Martin"]
[Black "Mikkelsen, Nikolaj"]
[Result "0-1"]
[WhiteElo "2038"]
[BlackElo "2203"]
[PlyCount "38"]
[EventDate "2007.09.05"]
[SourceDate "2007.09.05"]

1. e4 c5 2. Nf3 a6 3. d4 cxd4 4. Nxd4 Nf6 5. Nc3 e5 6. Nde2 Bc5 7. Qd3 Nc6 8.
a3 Qa5 9. Rb1 Ng4 10. b4 Bxf2+ 11. Kd1 Qd8 12. Qf3 d5 13. exd5 Nd4 14. Nxd4
Bxd4 15. Ne4 f5 16. Bd3 fxe4 17. Bxe4 Rf8 18. Qg3 Nf2+ 19. Ke1 Nxe4 0-1

[Event "Liverpool Open"]
[Site "?"]
[Date "2007.09.04"]
[Round "3.6"]
[White "Jowett, Peter"]
[Black "Reppen, Ellisiv"]
[Result "1/2-1/2"]
[WhiteElo "2196"]
[BlackElo "1922"]
[PlyCount "45"]
[EventDate "2007.09.05"]
[SourceDate "2007.09.05"]

1. e4 e5 2. Nf3 Nc6 3. Bb5 a6 4. Ba4 Nf6 5. O-O b5 6. Bb3 Be7 7. d3 d6 8. h3
Na5 9. Bd2 Nxb3 10. axb3 O-O 11. Nc3 Bb7 12. Qe2 Re8 13. Rae1 h6 14. Nh2 Bf8
15. Ng4 c6 16. f4 Nxg4 17. Qxg4 Bc8 18. Qg3 Be7 19. Qf3 exf4 20. Bxf4 Rf8 21.
Ne2 Bg5 22. Ng3 Be6 23. Bxg5 1/2-1/2

[Event "Liverpool Open"]
[Site "?"]
[Date "2007.09.04"]
[Round "3.7"]
[White "Fridman, Daniel"]
[Black "McNab, Colin Anderson"]
[Result "1-0"]
[WhiteElo "2628"]
[BlackElo "2416"]
[PlyCount "123"]
[EventDate "2007.09.05"]
[SourceDate "2007.09.05"]

1. d4 d6 2. e4 g6 3. Nf3 Nf6 4. Bd3 Bg7 5. O-O O-O 6. c3 Nc6 7. h3 e5 8. Re1
Re8 9. d5 Ne7 10. c4 Nd7 11. Nc3 a5 12. a3 f5 13. Rb1 Nf6 14. Bg5 Kh8 15. c5
fxe4 16. cxd6 cxd6 17. Nxe4 Nxe4 18. Bxe4 Qd7 19. Rc1 Ng8 20. Rc3 Nf6 21. Bxf6
Bxf6 22. Qc2 Bd8 23. Rc1 Bb6 24. Ng5 Qe7 25. Bxg6 Qxg5 26. Bxe8 Bf5 27. h4 Qg4
28. Rc4 Bd4 29. Rxd4 exd4 30. Qa4 Qe4 31. Bh5 b5 32. Qd1 d3 33. Qd2 Qxh4 34.
Bf7 Qf6 35. Be6 Bxe6 36. dxe6 Qxe6 37. Qxd3 Rc8 38. Rxc8+ Qxc8 39. Qxd6 Qf5 40.
f3 Kg7 41. Qd4+ Kf7 42. Kf2 a4 43. g4 Qc2+ 44. Kg3 Qb3 45. Kf4 Kg6 46. Qe5 h6
47. Qd6+ Kg7 48. Qc7+ Kg8 49. Qc3 Qf7+ 50. Ke4 Qe6+ 51. Qe5 Qg6+ 52. Qf5 Qe8+
53. Kd5 Qd8+ 54. Kc6 Qe8+ 55. Kc7 Qe3 56. Qg6+ Kf8 57. Qf6+ Kg8 58. Kb7 Qd3 59.
Kb6 Kh7 60. f4 Qc4 61. g5 hxg5 62. fxg5 1-0

[Event "Liverpool Open"]
[Site "?"]
[Date "2007.09.04"]
[Round "3.8"]
[White "Ghaem Maghami, Ehsan"]
[Black "Lalic, Bogdan"]
[Result "1/2-1/2"]
[WhiteElo "2610"]
[BlackElo "2509"]
[PlyCount "56"]
[EventDate "2007.09.05"]
[SourceDate "2007.09.05"]

1. e4 e5 2. Nf3 Nc6 3. Bb5 a6 4. Ba4 Nf6 5. d3 d6 6. c4 Be7 7. h3 O-O 8. Be3
Nd7 9. Nc3 f5 10. exf5 Rxf5 11. Nd5 Rf8 12. O-O Nf6 13. Rc1 Kh8 14. d4 e4 15.
Nxe7 Nxe7 16. Nd2 Nf5 17. Bc2 d5 18. cxd5 Qxd5 19. Bb3 Qd8 20. Nc4 Be6 21. Ne5
Nd5 22. Qh5 Kg8 23. Rfe1 Qd6 24. Nc4 Qd7 25. Ne5 Qd6 26. Nc4 Qd7 27. Ne5 Qd6
28. Nc4 Qd7 1/2-1/2

[Event "Liverpool Open"]
[Site "?"]
[Date "2007.09.04"]
[Round "3.9"]
[White "Shaw, John K"]
[Black "Lie, Kjetil A"]
[Result "1/2-1/2"]
[WhiteElo "2446"]
[BlackElo "2536"]
[PlyCount "45"]
[EventDate "2007.09.05"]
[SourceDate "2007.09.05"]

1. e4 Nc6 2. Nf3 e5 3. Bb5 a6 4. Bxc6 dxc6 5. O-O Qf6 6. d4 exd4 7. Bg5 Qd6 8.
Nxd4 c5 9. Ne2 Be6 10. Nbc3 f6 11. Bf4 Qc6 12. Qd3 Ne7 13. Rad1 Ng6 14. Bg3 Bd6
15. Bxd6 O-O-O 16. Qg3 cxd6 17. Nf4 Nxf4 18. Qxf4 d5 19. exd5 Bxd5 20. Rfe1 Be6
21. Ne4 Bd5 22. Nc3 Be6 23. Ne4 1/2-1/2

[Event "Liverpool Open"]
[Site "?"]
[Date "2007.09.04"]
[Round "3.10"]
[White "Miezis, Normunds"]
[Black "Dgebuadze"]
[Result "1-0"]
[WhiteElo "2524"]
[BlackElo "2508"]
[PlyCount "38"]
[EventDate "2007.09.05"]
[SourceDate "2007.09.05"]

1. c4 e6 2. e4 d5 3. exd5 exd5 4. d4 Nf6 5. Nc3 Bb4 6. Bd3 O-O 7. cxd5 Bg4 8.
Nge2 Nxd5 9. f3 Be6 10. O-O Nc6 11. Ne4 Be7 12. Bb5 a6 13. Ba4 Ndb4 14. Be3 b5
15. Bb3 Bxb3 16. axb3 Re8 17. Bf2 Bf8 18. Rc1 Qd7 19. Nf4 Rad8 {
remaining moves illegible} 1-0

[Event "Liverpool Open"]
[Site "?"]
[Date "2007.09.04"]
[Round "3.11"]
[White "Ravi, Lanka"]
[Black "Gormally, Daniel"]
[Result "1/2-1/2"]
[WhiteElo "2404"]
[BlackElo "2509"]
[PlyCount "34"]
[EventDate "2007.09.05"]
[SourceDate "2007.09.05"]

1. d4 d5 2. Nf3 Nf6 3. c4 c6 4. Qc2 e6 5. g3 Nbd7 6. Bg2 Be7 7. O-O O-O 8. Nbd2
c5 9. b3 b6 10. e4 dxe4 11. Nxe4 Bb7 12. Nxf6+ Bxf6 13. Ng5 Bxg5 14. Bxb7 Rb8
15. dxc5 Rxb7 16. c6 Rc7 17. Bxg5 Qxg5 1/2-1/2

[Event "Liverpool Open"]
[Site "?"]
[Date "2007.09.04"]
[Round "3.13"]
[White "Rudd, Jack"]
[Black "Goodger, Martyn"]
[Result "1-0"]
[WhiteElo "2370"]
[BlackElo "2093"]
[PlyCount "131"]
[EventDate "2007.09.05"]
[SourceDate "2007.09.05"]

1. e4 e5 2. d4 exd4 3. Qxd4 Nc6 4. Qe3 Nf6 5. Nc3 Be7 6. Bc4 Nb4 7. Qd2 O-O 8.
Nge2 a6 9. a3 Nc6 10. f4 b5 11. Bd3 Bc5 12. e5 Ng4 13. Ne4 Ba7 14. Qc3 f5 15.
Ng5 Qe7 16. Ng3 g6 17. Bd2 Bf2+ 18. Kd1 Bb7 19. Ne2 Bb6 20. Rf1 Nf2+ 21. Rxf2
Bxf2 22. Qb3+ Kg7 23. Bc3 Nd8 24. e6+ Kg8 25. exd7+ Nf7 26. Qe6 Qxe6 27. Nxe6
Rfd8 28. Nxd8 Rxd8 29. a4 Rxd7 30. axb5 axb5 31. Kc1 Bxg2 32. Bxb5 Be3+ 33. Kb1
Rd1+ 34. Ka2 Rxa1+ 35. Kxa1 Nd6 36. Ba4 g5 37. Be5 Bf3 38. Nd4 Bxd4 39. Bxd4
gxf4 40. Be5 Kf7 41. Bxf4 Ke6 42. Kb1 Kd5 43. Kc1 Ke4 44. Bg5 Nf7 45. Bf6 Ne5
46. Kd2 Ng4 47. Bd8 Nxh2 48. Bxc7 f4 49. c3 Bh5 50. Bc2+ Kd5 51. Bxf4 Nf3+ 52.
Ke3 Ne5 53. Be4+ Ke6 54. b4 Ng6 55. Bg3 Nf8 56. Kd4 Bg6 57. Bc6 Nd7 58. c4 h5
59. b5 Bc2 60. Bd5+ Ke7 61. c5 Kd8 62. b6 Bf5 63. b7 h4 64. Bxh4+ Kc7 65. Bg3+
Kd8 66. c6 1-0

[Event "Liverpool Open"]
[Site "?"]
[Date "2007.09.04"]
[Round "3.12"]
[White "Reuben, Stewart"]
[Black "Ansell, Simon"]
[Result "0-1"]
[WhiteElo "2144"]
[BlackElo "2405"]
[PlyCount "64"]
[EventDate "2007.09.05"]
[SourceDate "2007.09.05"]

1. c4 Nf6 2. g3 c6 3. Nf3 d5 4. b3 Bf5 5. Bb2 e6 6. Bg2 Bd6 7. d3 h6 8. Nbd2
O-O 9. O-O Qe7 10. Nd4 Bh7 11. e4 dxe4 12. dxe4 Rd8 13. Qe2 Ba3 14. Bxa3 Qxa3
15. N4f3 Na6 16. Rfd1 Nb4 17. Ne1 e5 18. f4 Nxa2 19. fxe5 Qc5+ 20. Qf2 Qxf2+
21. Kxf2 Ng4+ 22. Kf3 Nxh2+ 23. Ke3 Nc3 24. Rdc1 Ng4+ 25. Kf4 Ne2+ 26. Kxg4
Nxc1 27. Rxc1 Rxd2 28. Kf3 Rad8 29. Ke3 Rd1 30. Rxd1 Rxd1 31. Nd3 Rg1 32. Kf2
Rxg2+ 0-1

[Event "Liverpool Open"]
[Site "?"]
[Date "2007.09.04"]
[Round "3.14"]
[White "James, David"]
[Black "Brocklebank, Peter"]
[Result "1-0"]
[WhiteElo "2220"]
[BlackElo "1810"]
[PlyCount "85"]
[EventDate "2007.09.05"]
[SourceDate "2007.09.05"]

1. Nf3 Nf6 2. c4 e6 3. Nc3 b6 4. e4 Bb7 5. Qc2 Bb4 6. e5 Bxc3 7. Qxc3 Ne4 8.
Qe3 Qe7 9. a3 d6 10. d3 Nc5 11. d4 Ncd7 12. exd6 cxd6 13. Bd3 Nf6 14. O-O O-O
15. Qe2 Nbd7 16. Bg5 h6 17. Bh4 Rfe8 18. Rfe1 Rac8 19. Rac1 a5 20. Nd2 Nf8 21.
f4 Ng6 22. Bxg6 fxg6 23. d5 e5 24. Qf2 e4 25. Bxf6 gxf6 26. Nxe4 Bxd5 27. Ng3
Qc7 28. Rxe8+ Rxe8 29. Qd4 Bf7 30. Ne4 Rxe4 31. Qxe4 d5 32. Qd4 dxc4 33. Qxf6
Qc5+ 34. Kh1 Qd5 35. Qxb6 Qd2 36. Rf1 c3 37. bxc3 Qxc3 38. Qd8+ Kg7 39. Qe7 Qd3
40. Re1 a4 41. h3 Qg3 42. Qe5+ Kg8 43. Rc1 1-0

[Event "Liverpool Open"]
[Site "?"]
[Date "2007.09.04"]
[Round "3.15"]
[White "Potter, Steven"]
[Black "Armstrong, Malcolm"]
[Result "0-1"]
[WhiteElo "1648"]
[BlackElo "2126"]
[PlyCount "74"]
[EventDate "2007.09.05"]
[SourceDate "2007.09.05"]

1. d4 e6 2. Nf3 Nf6 3. Bg5 d5 4. e3 Be7 5. Nbd2 O-O 6. Bd3 c5 7. c3 Nbd7 8. O-O
b6 9. e4 dxe4 10. Nxe4 cxd4 11. Nxd4 Bb7 12. Re1 Nc5 13. Bxf6 Bxf6 14. Nxc5
bxc5 15. Nb3 Rc8 16. Bc4 Qb6 17. Re3 Rfd8 18. Qh5 g6 19. Qe2 Bd5 20. Re1 a5 21.
f4 a4 22. Nd2 Qxb2 23. Bxd5 Rxd5 24. Qa6 Rxd2 25. Qxc8+ Kg7 26. Qc6 Bxc3 27.
Kh1 Bd4 28. Rh3 Re2 29. Rd1 Qc2 30. Rf1 Rf2 31. Qb5 Rxf1+ 32. Qxf1 Qxa2 33. g4
Qd5+ 34. Rf3 a3 35. f5 a2 36. f6+ Bxf6 37. g5 a1=Q 0-1

[Event "Liverpool Open"]
[Site "?"]
[Date "2007.09.04"]
[Round "3.16"]
[White "Owen, Dennis"]
[Black "Peacock, Malcolm"]
[Result "1-0"]
[WhiteElo "1784"]
[BlackElo "2094"]
[PlyCount "103"]
[EventDate "2007.09.05"]
[SourceDate "2007.09.05"]

1. e4 e6 2. d4 d5 3. Nd2 Nf6 4. e5 Nfd7 5. Bd3 c5 6. c3 b6 7. Ne2 Ba6 8. Nf3
Bxd3 9. Qxd3 Be7 10. Bd2 Nc6 11. Rc1 Na5 12. b3 c4 13. Qb1 cxb3 14. axb3 h6 15.
O-O O-O 16. h3 Qe8 17. Nh2 f5 18. exf6 Nxf6 19. Rce1 Ne4 20. Be3 Rc8 21. Qb2
Bd6 22. f3 Nf6 23. Bf4 Qc6 24. Bxd6 Qxd6 25. Nc1 Nh5 26. Re3 Nf4 27. Ng4 Nc6
28. Rfe1 h5 29. Ne5 Rf5 30. Ncd3 Nxe5 31. Nxf4 Nxf3+ 32. Rxf3 Rxf4 33. Rxf4
Qxf4 34. Rxe6 Qg3 35. Qe2 g6 36. Re7 Rf8 37. Rxa7 Qd6 38. Re7 Rf6 39. Re8+ Kf7
40. Qe5 Qd7 41. Rf8+ Kxf8 42. Qxf6+ Qf7 43. Qxf7+ Kxf7 44. c4 Ke6 45. Kf2 g5
46. Ke3 Kd6 47. cxd5 Kxd5 48. Kd3 h4 49. Ke3 b5 50. Kd3 Kd6 51. Ke4 Ke6 52. b4
1-0

[Event "Liverpool Open"]
[Site "?"]
[Date "2007.09.04"]
[Round "3.17"]
[White "Cannon, Raymond Charles"]
[Black "Berg, Emanuel"]
[Result "0-1"]
[WhiteElo "2050"]
[BlackElo "2580"]
[PlyCount "58"]
[EventDate "2007.09.05"]
[SourceDate "2007.09.05"]

1. e4 c5 2. Nf3 Nc6 3. d4 cxd4 4. Nxd4 Nf6 5. Nc3 e5 6. Ndb5 d6 7. Nd5 Nxd5 8.
exd5 Nb8 9. c4 Be7 10. Be2 O-O 11. O-O Nd7 12. Be3 a6 13. Nc3 f5 14. f4 exf4
15. Bxf4 Qb6+ 16. Kh1 Qxb2 17. Qb3 Qxb3 18. axb3 g5 19. Bd2 Rb8 20. b4 Ne5 21.
Na4 b5 22. cxb5 axb5 23. Nc3 Nc4 24. Bxc4 bxc4 25. Ra7 Bf6 26. b5 Rf7 27. Ra4
Rc7 28. Rb1 Bd7 29. b6 Bxc3 0-1

[Event "Liverpool Open"]
[Site "?"]
[Date "2007.09.04"]
[Round "3.18"]
[White "Meijers, Viesturs"]
[Black "Hawkins, Nick"]
[Result "1-0"]
[WhiteElo "2483"]
[BlackElo "2016"]
[PlyCount "85"]
[EventDate "2007.09.05"]
[SourceDate "2007.09.05"]

1. e4 e5 2. Nf3 Nc6 3. Bb5 a6 4. Bxc6 dxc6 5. O-O Bd6 6. d4 exd4 7. Qxd4 f6 8.
Be3 Ne7 9. Nbd2 Be6 10. Qc3 Ng6 11. Nc4 Bxc4 12. Qxc4 Qe7 13. b4 Qf7 14. Qxf7+
Kxf7 15. Rab1 Rhe8 16. Nd2 Bf4 17. Rfe1 Rad8 18. Bxf4 Nxf4 19. Nb3 b6 20. f3
Rd6 21. Kf2 Red8 22. g3 Ne6 23. c3 Rd3 24. Rbc1 g5 25. Re3 Rd1 26. Rxd1 Rxd1
27. Re1 Rd3 28. Rc1 c5 29. bxc5 bxc5 30. Ke2 Rd6 31. Nd2 Rb6 32. Nc4 Rb8 33.
Ke3 Ke7 34. Rh1 Kf7 35. h4 gxh4 36. Rxh4 Kg6 37. f4 Kg7 38. Rh1 Rb7 39. Rd1 Kh6
40. Kf3 Rb8 41. Ne3 Rb2 42. Rd7 Ng7 43. Ng4+ 1-0

[Event "Liverpool Open"]
[Site "?"]
[Date "2007.09.04"]
[Round "3.19"]
[White "Ciuksyte, Dagne"]
[Black "Campbell, Ian"]
[Result "1-0"]
[WhiteElo "2426"]
[BlackElo "1996"]
[PlyCount "69"]
[EventDate "2007.09.05"]
[SourceDate "2007.09.05"]

1. e4 Nf6 2. e5 Nd5 3. d4 d6 4. c4 Nb6 5. exd6 exd6 6. h3 Be7 7. Nf3 O-O 8. Bd3
c6 9. O-O Be6 10. b3 d5 11. c5 N6d7 12. Nc3 b6 13. cxb6 axb6 14. Ne2 Nf6 15.
Nf4 Bd7 16. Re1 Bd6 17. Ne5 Na6 18. Nh5 Bxe5 19. dxe5 Ne8 20. Bb2 Nc5 21. Bc2
Qh4 22. Qf3 Ne6 23. Ng3 g6 24. a4 N8g7 25. Rad1 Rfd8 26. Qe3 Rab8 27. Ba3 Ne8
28. Rd2 Qf4 29. Qc3 Qh4 30. Red1 Rb7 31. b4 N8g7 32. b5 d4 33. Rxd4 Nxd4 34.
Qxd4 g5 35. Ne4 1-0

[Event "Liverpool Open"]
[Site "?"]
[Date "2007.09.04"]
[Round "3.20"]
[White "Palliser, Richard"]
[Black "Brooke, John"]
[Result "1-0"]
[WhiteElo "2417"]
[BlackElo "1887"]
[PlyCount "55"]
[EventDate "2007.09.05"]
[SourceDate "2007.09.05"]

1. e4 d6 2. d4 Nf6 3. Nc3 g6 4. Be3 c6 5. Qd2 e5 6. Nf3 Qe7 7. Rd1 Bg4 8. dxe5
dxe5 9. Bc5 Qc7 10. Bxf8 Kxf8 11. Qd8+ Qxd8 12. Rxd8+ Kg7 13. Rxh8 Kxh8 14.
Nxe5 Be6 15. Bc4 Bxc4 16. Nxc4 Nbd7 17. f3 Kg7 18. Kf2 b5 19. Na5 b4 20. Ne2 c5
{(=)} 21. Rd1 Kf8 22. Nf4 Ke8 23. e5 Ng8 24. Nc4 Nb6 25. Nd6+ Ke7 26. Nd5+ Nxd5
27. Rxd5 f6 28. Nc4 {remaining moves illegible} 1-0

[Event "Liverpool Open"]
[Site "?"]
[Date "2007.09.04"]
[Round "3.21"]
[White "Rendle, Thomas"]
[Black "Ewart, Brian"]
[Result "1-0"]
[WhiteElo "2416"]
[BlackElo "1808"]
[PlyCount "73"]
[EventDate "2007.09.05"]
[SourceDate "2007.09.05"]

1. e4 c5 2. Nc3 Nc6 3. Bb5 Nd4 4. Bc4 g6 5. Nf3 Bg7 6. Nxd4 cxd4 7. Qf3 e6 8.
Nb5 d5 9. exd5 a6 10. dxe6 fxe6 11. Na3 Nf6 12. O-O O-O 13. d3 Nd5 14. Qe4 b5
15. Bb3 Ra7 16. Nb1 Raf7 17. a4 b4 18. Nd2 Nf4 19. f3 Kh8 20. Qe1 Rf5 21. Ne4
e5 22. Bxf4 exf4 23. Qxb4 Rh5 24. Qe1 g5 25. h3 Bxh3 26. gxh3 Rxh3 27. Be6 Rh4
28. Kg2 Re8 29. Bh3 h5 30. Rh1 Kg8 31. Bf5 Re5 32. Rxh4 gxh4 33. Bh3 Bf6 34.
Kh1 Be7 35. Qf2 Kh7 36. Rg1 Kh6 37. Qg2 1-0

[Event "Liverpool Open"]
[Site "?"]
[Date "2007.09.04"]
[Round "3.22"]
[White "Almer, Julia"]
[Black "Wu Li"]
[Result "0-1"]
[WhiteElo "1932"]
[BlackElo "2314"]
[PlyCount "116"]
[EventDate "2007.09.05"]
[SourceDate "2007.09.05"]

1. e4 c5 2. Nf3 d6 3. d4 cxd4 4. Nxd4 Nf6 5. Nc3 g6 6. Be3 Bg7 7. f3 a6 8. a4
O-O 9. Be2 Nc6 10. Nb3 Be6 11. O-O Rc8 12. f4 Na5 13. Nd2 d5 14. exd5 Nxd5 15.
Nxd5 Bxd5 16. c3 Qc7 17. Bf3 Rfd8 18. Qe2 Bxf3 19. Nxf3 Nc4 20. Bd4 Rd5 21.
Rae1 e6 22. Kh1 Bxd4 23. Nxd4 Nd6 24. Rf3 Qc4 25. Qxc4 Rxc4 26. b3 Rc7 27. g3
Nf5 28. Nxf5 gxf5 29. Re2 Rd1+ 30. Kg2 Rc1 31. c4 Rd7 32. Rf1 Rxf1 33. Kxf1
Rd1+ 34. Kf2 Rb1 35. Re3 Rb2+ 36. Kg1 Kf8 37. h3 h5 38. Kf1 Ke7 39. Ke1 Kd6 40.
Kd1 Kc5 41. Kc1 Rh2 42. h4 Kd4 43. Rf3 Rg2 44. Kd1 a5 45. Kc1 f6 46. Kd1 Ke4
47. Rc3 e5 48. c5 Kd4 49. Rc4+ Kd5 50. Rc3 e4 51. Ke1 Rb2 52. Kf1 Kd4 53. Rc4+
Kd3 54. c6 bxc6 55. Rxc6 e3 56. Re6 Rb1+ 57. Kg2 e2 58. Kf2 Rf1+ 0-1

[Event "Liverpool Open"]
[Site "?"]
[Date "2007.09.04"]
[Round "3.24"]
[White "MacGilchrist, Siegrun"]
[Black "Storey, Charles"]
[Result "0-1"]
[WhiteElo "1834"]
[BlackElo "2218"]
[PlyCount "74"]
[EventDate "2007.09.05"]
[SourceDate "2007.09.05"]

1. e4 c5 2. Nf3 g6 3. Be2 Bg7 4. O-O Nc6 5. c3 e5 6. d3 d6 7. Bg5 Nf6 8. Na3 h6
9. Bxf6 Qxf6 10. Nc2 Be6 11. Ne3 O-O 12. Nd5 Bxd5 13. exd5 Ne7 14. c4 Nf5 15.
Rb1 a5 16. a4 h5 17. Nd2 Bh6 18. Ne4 Qe7 19. Bxh5 Nd4 20. Be2 f5 21. Nc3 Kg7
22. Nb5 Rh8 23. Nxd4 cxd4 24. g3 Bg5 25. Kg2 Kf6 26. h4 {(=)} Bh6 27. Rh1 g5
28. hxg5+ Bxg5 29. Rxh8 Rxh8 30. Qg1 e4 31. Qe1 Qh7 32. Qh1 Qg7 33. Qf1 Bf4 34.
dxe4 fxe4 35. Qe1 Qd7 36. g4 Rh2+ 37. Kg1 Rh1+ 0-1

[Event "Liverpool Open"]
[Site "?"]
[Date "2007.09.04"]
[Round "3.25"]
[White "Macdonald, Paul"]
[Black "Weeks, Manuel William"]
[Result "1/2-1/2"]
[WhiteElo "1768"]
[BlackElo "2200"]
[PlyCount "73"]
[EventDate "2007.09.05"]
[SourceDate "2007.09.05"]

1. d4 Nf6 2. c4 e6 3. Nc3 Bb4 4. Qc2 O-O 5. a3 Bxc3+ 6. Qxc3 Ne4 7. Qc2 f5 8.
Nf3 b6 9. e3 Bb7 10. Bd3 d6 11. Bd2 Nd7 12. Bc3 Qf6 13. O-O-O Qg6 14. Ne1 c5
15. f3 Nxc3 16. Qxc3 Rac8 17. Kb1 Qf6 18. Nc2 d5 19. Qb3 f4 20. cxd5 exd5 21.
Bb5 Nb8 22. dxc5 bxc5 23. e4 c4 24. Bxc4 dxc4 25. Qxb7 Nc6 26. Nb4 Nxb4 27.
axb4 Kh8 28. Rd7 Rb8 29. Qxa7 Rxb4 30. Qd4 Rfb8 31. Qxf6 gxf6 32. Kc1 c3 33.
Kc2 cxb2 34. Rb1 Rc8+ 35. Kd1 Rg8 36. Rd2 Rgb8 37. Rd7 1/2-1/2

[Event "Liverpool Open"]
[Site "?"]
[Date "2007.09.04"]
[Round "3.26"]
[White "Lee, Steven"]
[Black "Atako, Chino"]
[Result "0-1"]
[WhiteElo "1592"]
[BlackElo "2181"]
[PlyCount "98"]
[EventDate "2007.09.05"]
[SourceDate "2007.09.05"]

1. e4 c5 2. Nf3 g6 3. d4 cxd4 4. Nxd4 Nc6 5. Be3 Nf6 6. Nc3 Bg7 7. Qd2 O-O 8.
f3 d5 9. Nxc6 bxc6 10. O-O-O Be6 11. e5 Nd7 12. f4 Qc7 13. h4 f6 14. h5 fxe5
15. fxe5 Bg4 16. Nxd5 cxd5 17. Qxd5+ Kh8 18. hxg6 h5 19. Rd4 Qxe5 20. Qxe5 Nxe5
21. Ba6 Rf6 22. Rxg4 Nxg4 23. Rxh5+ Kg8 24. Bc4+ e6 25. Bd4 Rxg6 26. Bxg7 Kxg7
27. Bd3 Nf6 28. Bxg6 Kxg6 29. Rh4 Re8 30. c4 e5 31. c5 e4 32. b4 e3 33. Kd1 Ne4
34. a3 Nc3+ 35. Kc2 e2 36. Rh1 e1=Q 37. Rxe1 Rxe1 38. Kxc3 Rc1+ 39. Kb3 Kf6 40.
g4 Ke6 41. g5 Kd5 42. Ka4 Kc6 43. Ka5 Rg1 44. a4 Rxg5 45. Ka6 Rg7 46. a5 Rf7
47. b5+ Kxc5 48. b6 axb6 49. axb6 Rf6 0-1

[Event "Liverpool Open"]
[Site "?"]
[Date "2007.09.04"]
[Round "3.27"]
[White "Yeo, Michael J"]
[Black "McBride, John"]
[Result "1-0"]
[WhiteElo "2153"]
[BlackElo "1776"]
[PlyCount "95"]
[EventDate "2007.09.05"]
[SourceDate "2007.09.05"]

1. e4 e6 2. d4 d5 3. Nc3 Bb4 4. exd5 exd5 5. Bd3 Ne7 6. Qh5 c5 7. a3 Bxc3+ 8.
bxc3 c4 9. Be2 Qd6 10. Nh3 Qg6 11. Qxg6 Nxg6 12. Rb1 b6 13. Bf3 Be6 14. Rb5 a6
15. Bxd5 axb5 16. Bxa8 O-O 17. Nf4 Bd7 18. Nxg6 hxg6 19. Bf3 Bc6 20. Ke2 Re8+
21. Be3 f5 22. g3 g5 23. Bxc6 Nxc6 24. Kd2 g4 25. Bf4 Ne7 26. Re1 Kf7 27. Re5
Rh8 28. Rxb5 Rxh2 29. Ke2 g6 30. d5 Nc8 31. Rb4 Ne7 32. d6 Nd5 33. Rxc4 Ke6 34.
Rd4 Nxf4+ 35. Rxf4 Kxd6 36. Ke3 Rh7 37. Rd4+ Ke5 38. Rb4 Rc7 39. Rb5+ Kd6 40.
Rxb6+ Kc5 41. Rxg6 Kc4 42. Kf4 Rc5 43. Rf6 Kxc3 44. Rxf5 Rc4+ 45. Kg5 Kb2 46.
Rf4 Rxc2 47. a4 Kc3 48. Kxg4 1-0

[Event "Liverpool Open"]
[Site "?"]
[Date "2007.09.04"]
[Round "3.28"]
[White "Williamson, Roger"]
[Black "lambert, John"]
[Result "1-0"]
[WhiteElo "2129"]
[BlackElo "1632"]
[PlyCount "51"]
[EventDate "2007.09.05"]
[SourceDate "2007.09.05"]

1. c4 e5 2. Nc3 Nc6 3. g3 Nf6 4. Bg2 Bb4 5. a3 Bxc3 6. bxc3 d6 7. e4 O-O 8. d3
Ng4 9. h3 Nf6 10. Ne2 h6 11. Be3 Nh7 12. g4 Ne7 13. f4 Ng6 14. f5 Nh4 15. O-O
Nxg2 16. Kxg2 c6 17. d4 Qe7 18. Ng3 b6 19. d5 Bb7 20. Qd2 Rac8 21. f6 Nxf6 22.
Bxh6 Ne8 23. Nf5 Qd8 24. Bxg7 Nxg7 25. Qh6 Nxf5 26. Rxf5 1-0

[Event "Liverpool Open"]
[Site "?"]
[Date "2007.09.04"]
[Round "3.29"]
[White "Minnican, Alan"]
[Black "Solomon, Graeme"]
[Result "1-0"]
[WhiteElo "2110"]
[BlackElo "1408"]
[PlyCount "99"]
[EventDate "2007.09.05"]
[SourceDate "2007.09.05"]

1. Nc3 Nf6 2. e4 d6 3. d4 c6 4. Nf3 Bg4 5. h3 Bh5 6. Be3 e6 7. Be2 d5 8. exd5
cxd5 9. O-O Nc6 10. Ne5 Bxe2 11. Qxe2 a6 12. f4 Bd6 13. Nxc6 bxc6 14. f5 O-O
15. fxe6 fxe6 16. Bg5 Qe7 17. Rae1 Rae8 18. Qxa6 Qc7 19. Bxf6 Rxf6 20. Rxf6
gxf6 21. Qe2 Qg7 22. Qg4 Qxg4 23. hxg4 Kf7 24. Kf2 e5 25. Ne2 e4 26. Rh1 Kg6
27. Rh3 Re7 28. Ng3 Bxg3+ 29. Kxg3 Rc7 30. Kf4 c5 31. Rc3 c4 32. b3 Re7 33.
bxc4 dxc4 34. a4 e3 35. Rxe3 Ra7 36. Ra3 Ra5 37. Ke4 Kg5 38. d5 Kxg4 39. Kd4
Kf5 40. Rf3+ Kg6 41. Kxc4 Rxa4+ 42. Kc5 Ra8 43. c4 h5 44. d6 Kg5 45. d7 h4 46.
Rd3 Rd8 47. Kc6 f5 48. Kc7 Ra8 49. d8=Q+ Rxd8 50. Kxd8 1-0